| 000 | 00403cam a2200157ua 4500 | ||
|---|---|---|---|
| 041 |
_aeng _h |
||
| 082 |
_a428.1 _bGRO/SH |
||
| 100 | _aGroom, Bernard . | ||
| 245 |
_aShort history of english words / _cBernard Groom. _hTextual Documents |
||
| 250 |
_a1 / _b. |
||
| 260 |
_a,London : _bMacMillan and Company Limited , _c1966. |
||
| 300 | _a221 ; . | ||
| 504 | _a | ||
| 942 | _cBK | ||
| 999 |
_c8582 _d8582 |
||